000 01575nam0a2200337 4500
001 RU\NLR\bibl\1872287
005 20250616190925.0
010 _a978-5-4262-0023-4
_9300
021 _aRU
_b2012-7306
_9536
035 _a(NLR Aleph) 001862116
090 _a2545734
_c2545734
100 _a20120221d2011 |||y0rusy50 ca
101 0 _arus
102 _aRU
105 _aa |||||||||
200 1 _aПрикладные задачи компенсации неоднородности верхней части разреза при обработке и интерпретации сейсмических данных
_fА.П. Сысоев
_gнауч. ред.: д.г.-м.н. В.Д. Суворов
210 _aНовосибирск
_cИНГГ СО РАН
_d2011
215 _a88, [2] с.
_cил., цв. ил
_d22
225 1 _aБиблиотека журнала "Технологии сейсморазведки"
_fгл. ред. акад. М.И. Эпов
_vвып. 1
300 _aНа 4-й с. обл. авт.: Сысоев А.П., д.т.н., инж., геолог-геофизик
320 _aБиблиогр.: с. 87-88 (22 назв.)
606 1 _aСейсморазведка
_xОбработка результатов
_xМатематические методы
_92620797
_3RU\NLR\auth\661557357
686 _aД443.417в641
700 1 _aСысоев
_bА. П.
_gАнатолий Петрович
_4070
801 0 _aRU
_bNLR
_c20120221
_gRCR
801 1 _aRU
_bNLR
_c20120221
830 _aпо кн
942 _cBOOK
980 _aNB
980 _aNBR